[Event "45th Olympiad 2024"]
[Site "Budapest HUN"]
[Date "2024.09.11"]
[Round "1.51"]
[Board "1"]
[White "De Mey, Juan Pablo"]
[Black "Quizon, Daniel"]
[Result "0-1"]
[WhiteTitle "FM"]
[BlackTitle "IM"]
[WhiteElo "1992"]
[BlackElo "2490"]
[WhiteTeam "Aruba"]
[BlackTeam "Philippines"]
[WhiteFideId "15900312"]
[BlackFideId "5217911"]
[EventDate "2024.09.11"]

1. e4 c5 2. Nf3 g6 3. d4 cxd4 4. Nxd4 Bg7 5. c4 Nc6 6. Be3 d6 7. Nc3 Nf6 8. Be2
O-O 9. Nc2 Be6 10. Rc1 Rc8 11. O-O a6 12. b3 Qa5 13. Bd2 Qd8 14. Be3 Bd7 15. h3
b5 16. c5 Be6 17. cxd6 exd6 18. Nd4 Nxd4 19. Bxd4 Qa5 20. Qd3 Rfe8 21. f4 d5 22.
e5 Ne4 23. Bg4 Qa3 24. Bxe6 fxe6 25. Rc2 Nxc3 26. Rxc3 Bf8 27. Rf2 Qe7 28. Kh2
Bh6 29. Kg3 Qf7 30. Rxc8 Rxc8 31. a4 bxa4 32. Qxa6 Rf8 33. f5 axb3 34. fxe6 Bf4+
35. Kf3 Qe7 0-1

[Event "45th Olympiad 2024"]
[Site "Budapest HUN"]
[Date "2024.09.11"]
[Round "1.52"]
[Board "1"]
[White "Galaviz Medina, Sion Radamantys"]
[Black "D'Amico, Nicola"]
[Result "1-0"]
[WhiteTitle "IM"]
[WhiteElo "2488"]
[BlackElo "1801"]
[WhiteTeam "Mexico"]
[BlackTeam "San Marino"]
[WhiteFideId "5123119"]
[BlackFideId "11800437"]
[EventDate "2024.09.11"]

1. d4 d5 2. c4 e6 3. Nc3 Nf6 4. cxd5 exd5 5. Bg5 c6 6. e3 h6 7. Bh4 Bd6 8. Bd3
O-O 9. Nge2 Re8 10. h3 Nbd7 11. O-O Qc7 12. Qc2 a5 13. Rae1 b5 14. Bg3 b4 15.
Nb5 cxb5 16. Qxc7 Bxc7 17. Bxc7 Ne4 18. Rc1 Nd2 19. Rfe1 Nc4 20. b3 Na3 21. Nf4
Bb7 22. Bf5 Nf8 23. Be5 Ne6 24. Bxe6 fxe6 25. Rc7 1-0

[Event "45th Olympiad 2024"]
[Site "Budapest HUN"]
[Date "2024.09.11"]
[Round "1.52"]
[Board "2"]
[White "Righi, Ezio"]
[Black "Cori Quispe, Kevin Joel"]
[Result "0-1"]
[WhiteTitle "FM"]
[BlackTitle "GM"]
[WhiteElo "1909"]
[BlackElo "2461"]
[WhiteTeam "San Marino"]
[BlackTeam "Mexico"]
[WhiteFideId "11800038"]
[BlackFideId "3814017"]
[EventDate "2024.09.11"]

1. e4 c5 2. Nf3 Nc6 3. d4 cxd4 4. Nxd4 Nf6 5. Nc3 d6 6. Be2 g6 7. Be3 Bg7 8. Qd2
Ng4 9. Bxg4 Bxg4 10. f3 Be6 11. h4 Ne5 12. b3 h5 13. Nd5 Rc8 14. Rd1 O-O 15. c4
a6 16. O-O Bd7 17. g3 b5 18. cxb5 axb5 19. Rc1 e6 20. Rxc8 Bxc8 21. Nb4 Bd7 22.
Rc1 Qa8 23. Kg2 f5 24. exf5 Rxf5 25. Nxf5 Qxf3+ 26. Kg1 Qxf5 27. Qf2 Qg4 28. Qf4
Qe2 29. Qf2 Qg4 30. Qf4 Qh3 31. Rc2 Ng4 32. Qf3 Be5 33. Rg2 Nxe3 34. Qxe3 Qg4
35. Qd2 Bd4+ 36. Kf1 Qf3+ 37. Rf2 Qh1+ 38. Ke2 Qe4+ 39. Kf1 e5 40. Nc2 Bh3+ 41.
Kg1 Qg2# 0-1

[Event "45th Olympiad 2024"]
[Site "Budapest HUN"]
[Date "2024.09.11"]
[Round "1.52"]
[Board "3"]
[White "Ibarra Chami, Luis Fernando"]
[Black "Volpinari, Danilo"]
[Result "1-0"]
[WhiteTitle "GM"]
[BlackTitle "FM"]
[WhiteElo "2427"]
[BlackElo "1939"]
[WhiteTeam "Mexico"]
[BlackTeam "San Marino"]
[WhiteFideId "5105048"]
[BlackFideId "11800054"]
[EventDate "2024.09.11"]

1. c4 e6 2. Nf3 d5 3. g3 Nf6 4. Bg2 Be7 5. O-O O-O 6. b3 c6 7. Bb2 Nbd7 8. Qc2
a5 9. d3 Re8 10. e4 dxe4 11. dxe4 Nc5 12. e5 Nfd7 13. Nbd2 Nf8 14. Bd4 Qc7 15.
Qc3 b6 16. Qe3 Nfd7 17. Rab1 Bb7 18. h4 Na6 19. Ne4 c5 20. Bc3 Nb4 21. a3 Nc2
22. Qe2 Nd4 23. Nxd4 cxd4 24. Bxd4 Nxe5 25. Qh5 Ng6 26. Qb5 Bxe4 27. Bxe4 Rab8
28. h5 Nf8 29. b4 Red8 30. Rfd1 Rdc8 31. Be5 Qxc4 32. Qxc4 Rxc4 33. Bxb8 Rxe4
34. b5 Bxa3 35. Bd6 Bxd6 36. Rxd6 h6 37. Rxb6 Nd7 38. Rd6 1-0

[Event "45th Olympiad 2024"]
[Site "Budapest HUN"]
[Date "2024.09.11"]
[Round "1.53"]
[Board "1"]
[White "Asante Debesai Zerabruk"]
[Black "Cori, Jorge"]
[Result "0-1"]
[BlackTitle "GM"]
[WhiteElo "1908"]
[BlackElo "2609"]
[WhiteTeam "Eritrea"]
[BlackTeam "Peru"]
[WhiteFideId "15701310"]
[BlackFideId "3802272"]
[EventDate "2024.09.11"]

1. e4 c5 2. Nf3 Nc6 3. Bb5 g6 4. Bxc6 dxc6 5. d3 Bg4 6. Nbd2 Bg7 7. h3 Bxf3 8.
Nxf3 Nf6 9. a4 O-O 10. O-O Nd7 11. Be3 b6 12. Qc1 Ne5 13. Nh2 e6 14. f4 Nd7 15.
Nf3 Qe7 16. e5 f6 17. exf6 Nxf6 18. Kh1 Nh5 19. Rf2 Qd6 20. Nd2 Qd5 21. Ne4 c4
22. Nc3 Bxc3 23. bxc3 cxd3 24. Rd2 e5 25. Rxd3 Qe6 26. Qd2 Ng3+ 27. Kg1 exf4 28.
Bf2 Ne4 29. Re1 Rae8 30. Qd1 Qf5 31. Qf3 Re6 32. Rd4 Ng5 33. Qd3 Rxe1+ 34. Bxe1
f3 35. Qxf5 Rxf5 36. h4 fxg2 37. hxg5 Rf1+ 38. Kxg2 Rxe1 39. Rd8+ Kf7 40. Rd7+
Re7 41. Rd2 Ke6 42. Rf2 Kd5 43. Rf4 Re2+ 44. Kg1 Re5 45. Rg4 Re4 46. Rg3 Rxa4
47. Kf2 Ra2 0-1

[Event "45th Olympiad 2024"]
[Site "Budapest HUN"]
[Date "2024.09.11"]
[Round "1.53"]
[Board "2"]
[White "Flores Quillas, Diego Saul Rodri"]
[Black "Weldegebriel Beraki, Kibrom"]
[Result "1-0"]
[WhiteTitle "IM"]
[BlackTitle "CM"]
[WhiteElo "2451"]
[BlackElo "1885"]
[WhiteTeam "Peru"]
[BlackTeam "Eritrea"]
[WhiteFideId "3822508"]
[BlackFideId "15701190"]
[EventDate "2024.09.11"]

1. e4 d6 2. d4 Nf6 3. Nc3 c6 4. Nf3 Bg4 5. h3 Bh5 6. Bd3 e6 7. Bg5 Be7 8. g4 Bg6
9. Qe2 Nbd7 10. h4 h5 11. Bxf6 Nxf6 12. g5 Nd7 13. O-O-O e5 14. dxe5 dxe5 15.
Qe1 Qc7 16. Bf1 Nc5 17. Bh3 O-O 18. Bf5 b5 19. Qe3 a5 20. Ne2 a4 21. Nd2 Ne6 22.
Qh3 Nf4 23. Nxf4 exf4 24. Bxg6 fxg6 25. Qe6+ Kh7 26. Nf3 Rad8 27. Ne5 Rd6 28.
Rxd6 Qxd6 29. Qxd6 Bxd6 30. Nxc6 f3 31. Rh3 Rf4 32. Nd4 Bc5 33. Ne6 Be3+ 34. Kd1
Rxe4 35. Rxf3 Rxe6 36. Rxe3 Rd6+ 37. Rd3 Rc6 38. Rd4 Rc5 39. b3 a3 40. b4 Rc3
41. Rf4 Rh3 42. c4 Rh1+ 43. Kc2 bxc4 44. Rxc4 Re1 45. Kb3 Re2 46. Kxa3 1-0

[Event "45th Olympiad 2024"]
[Site "Budapest HUN"]
[Date "2024.09.11"]
[Round "1.54"]
[Board "1"]
[White "Ferreira, Jorge Viterbo"]
[Black "Muhammed, Shuaau"]
[Result "1/2-1/2"]
[WhiteTitle "GM"]
[BlackTitle "FM"]
[WhiteElo "2535"]
[BlackElo "2052"]
[WhiteTeam "Portugal"]
[BlackTeam "Maldives"]
[WhiteFideId "1910850"]
[BlackFideId "16700406"]
[EventDate "2024.09.11"]

1. e4 e5 2. Nf3 Nc6 3. Bb5 a6 4. Ba4 Nf6 5. O-O Be7 6. Re1 b5 7. Bb3 d6 8. c3
O-O 9. h3 Nb8 10. d4 Nbd7 11. Nbd2 Bb7 12. Bc2 Re8 13. Nf1 Bf8 14. Ng3 g6 15.
Bd2 Bg7 16. Qc1 d5 17. Bg5 Qc8 18. dxe5 Nxe4 19. Bf4 Ndc5 20. Nf1 Ne6 21. Bh6 c5
22. Bxg7 Kxg7 23. N3h2 f5 24. h4 c4 25. Nf3 b4 26. cxb4 d4 27. Ba4 Rd8 28. N3d2
Nxd2 29. Qxd2 Bd5 30. f3 Qb7 31. Ng3 Rab8 32. a3 a5 33. b5 Qb6 34. Kh2 d3 35.
Nf1 Qd4 36. Qxa5 Qxh4+ 37. Kg1 Ra8 38. Qb4 Qd4+ 39. Kh1 Qh4+ 40. Kg1 Qd4+ 41.
Kh1 Qh4+ 1/2-1/2

[Event "45th Olympiad 2024"]
[Site "Budapest HUN"]
[Date "2024.09.11"]
[Round "1.54"]
[Board "2"]
[White "Mohamed, Hassan MDV"]
[Black "Galego, Luis"]
[Result "0-1"]
[WhiteTitle "CM"]
[BlackTitle "GM"]
[WhiteElo "1880"]
[BlackElo "2444"]
[WhiteTeam "Maldives"]
[BlackTeam "Portugal"]
[WhiteFideId "16700058"]
[BlackFideId "1900072"]
[EventDate "2024.09.11"]

1. d4 Nf6 2. Nf3 d6 3. g3 Nbd7 4. Bg2 e5 5. dxe5 dxe5 6. O-O Bc5 7. Nc3 O-O 8.
Na4 Bd6 9. c4 Qe7 10. b3 Re8 11. e3 e4 12. Nd4 Ne5 13. h3 a6 14. Nc3 c5 15. Nde2
Nf3+ 16. Kh1 Be5 17. Qc2 Bf5 18. Nf4 Bxf4 19. exf4 Qe6 20. h4 Bh3 21. Nd1 Qg4
22. Ne3 Bxg2+ 23. Kxg2 Nxh4+ 24. Kh2 Nf3+ 25. Kg2 Qe6 26. f5 Qc6 27. Rd1 Rad8
28. Bb2 Nd4 29. Qc3 h5 30. Rh1 Qc8 31. Rad1 Nxf5 32. Nd5 Nxd5 33. cxd5 e3 34.
Rxh5 f6 35. Rdh1 exf2 36. Qf3 Ne3+ 37. Kxf2 Qg4 38. Qxg4 Nxg4+ 39. Kf3 Nh6 40.
g4 Nf7 41. Rd1 Ng5+ 42. Kf2 Re4 43. Kg3 Re3+ 44. Kf2 Rde8 45. Rd2 Nh3+ 46. Rxh3
Rxh3 47. Kg2 Ree3 48. g5 Rd3 49. Rc2 Rhg3+ 50. Kf2 Rxg5 0-1

[Event "45th Olympiad 2024"]
[Site "Budapest HUN"]
[Date "2024.09.11"]
[Round "1.54"]
[Board "3"]
[White "Pereira, Ruben"]
[Black "Abdul Rahman, Ali"]
[Result "1-0"]
[WhiteTitle "IM"]
[BlackTitle "CM"]
[WhiteElo "2457"]
[BlackElo "1844"]
[WhiteTeam "Portugal"]
[BlackTeam "Maldives"]
[WhiteFideId "1903063"]
[BlackFideId "16700066"]
[EventDate "2024.09.11"]

1. e4 e6 2. d4 d5 3. Nc3 Bb4 4. exd5 exd5 5. Bd3 Nf6 6. Ne2 O-O 7. O-O Re8 8.
Ng3 Bg4 9. f3 Be6 10. Nce2 c6 11. Nf4 Nbd7 12. c3 Bd6 13. Nxe6 fxe6 14. f4 Qc7
15. Be3 a6 16. Nh5 b5 17. Nxf6+ Nxf6 18. Qf3 Qf7 19. h3 Nd7 20. Rae1 Nf8 21. Re2
Re7 22. Bd2 Rae8 23. Ref2 Rc7 24. a4 Ra7 25. Qg4 Nd7 26. Qh4 Nf8 27. Rf3 Kh8 28.
Qf2 Rc7 29. Be3 Nd7 30. axb5 axb5 31. Ra1 Rb7 32. Ra6 Nb8 33. Qh4 g6 34. Ra1 Be7
35. Qf2 Bf6 36. h4 Qe7 37. Rh3 Rf8 38. h5 g5 39. fxg5 Bg7 40. Rf3 Rxf3 41. Qxf3
Qf7 42. h6 Bf8 43. Bf4 Kg8 44. Ra8 Nd7 45. Qg4 Nb6 46. g6 hxg6 47. Bxg6 Qe7 48.
Bf5+ 1-0

[Event "45th Olympiad 2024"]
[Site "Budapest HUN"]
[Date "2024.09.11"]
[Round "1.55"]
[Board "1"]
[White "Khan, Taffin"]
[Black "Krstulovic, Alex"]
[Result "0-1"]
[WhiteTitle "CM"]
[BlackTitle "IM"]
[WhiteElo "2066"]
[BlackElo "2452"]
[WhiteTeam "Guyana"]
[BlackTeam "Hungary C"]
[WhiteFideId "19700024"]
[BlackFideId "760056"]
[EventDate "2024.09.11"]

1. Nf3 d5 2. g3 Nf6 3. Bg2 c6 4. d4 Bf5 5. Nbd2 e6 6. O-O Nbd7 7. c4 Bd6 8. Qb3
Qb6 9. c5 Qxb3 10. axb3 Bc7 11. Nh4 Bc2 12. f4 O-O 13. Rf3 h6 14. Rc3 Bh7 15.
Nhf3 b6 16. b4 a5 17. Rca3 Rac8 18. cxb6 axb4 19. b7 Rb8 20. Ra8 Rxb7 21. Ne5
Nxe5 22. fxe5 Nd7 23. e4 Bb6 24. Rxf8+ Kxf8 25. Ra8+ Ke7 26. Nb3 Nxe5 27. Bd2
Nd3 28. Bf1 Bxe4 29. Bxd3 Bxd3 30. Bxb4+ Kf6 31. Nc5 Bxc5 32. Bxc5 Rxb2 33. Ra3
Be4 34. h4 g5 35. hxg5+ hxg5 36. Bd6 Kf5 37. Ra7 f6 38. Rf7 Kg6 39. Re7 Rd2 40.
Rxe6 Rxd4 41. Kf2 Rd2+ 42. Ke3 Rd3+ 43. Ke2 Kf5 44. Re7 Rc3 45. Kd2 Rc2+ 46. Kd1
Rg2 47. Re8 d4 48. Ke1 d3 0-1

[Event "45th Olympiad 2024"]
[Site "Budapest HUN"]
[Date "2024.09.11"]
[Round "1.55"]
[Board "2"]
[White "Juhasz, Agoston"]
[Black "Drayton, Anthony"]
[Result "1-0"]
[WhiteTitle "IM"]
[BlackTitle "FM"]
[WhiteElo "2427"]
[BlackElo "1964"]
[WhiteTeam "Hungary C"]
[BlackTeam "Guyana"]
[WhiteFideId "778346"]
[BlackFideId "19700261"]
[EventDate "2024.09.11"]

1. e4 c5 2. Nf3 Nc6 3. Bb5 a6 4. Bxc6 bxc6 5. O-O d5 6. d3 Bg4 7. h3 Bh5 8. c4
e6 9. exd5 cxd5 10. cxd5 Bxf3 11. Qxf3 Qxd5 12. Qxd5 exd5 13. Nc3 Ne7 14. b3 f6
15. Ba3 Rc8 16. Rac1 c4 17. Bxe7 Bxe7 18. Nxd5 Ba3 19. Rce1+ Kf7 20. dxc4 Rhe8
21. g4 a5 22. Kg2 a4 23. Rxe8 Rxe8 24. Kf3 h5 25. Rb1 hxg4+ 26. hxg4 axb3 27.
axb3 Rh8 28. b4 Rh3+ 29. Ke2 Ke8 30. b5 Kd8 31. b6 Kc8 32. b7+ Kb8 33. Nc7 Bd6
34. Na6+ Ka7 35. b8=Q+ Bxb8 36. Nxb8 Rc3 37. Rb4 g6 38. Kd2 Rf3 39. c5 Rxf2+ 40.
Ke3 Rc2 41. Nc6+ Ka6 42. Rb6# 1-0

[Event "45th Olympiad 2024"]
[Site "Budapest HUN"]
[Date "2024.09.11"]
[Round "1.56"]
[Board "1"]
[White "Keinanen, Toivo"]
[Black "Mahamat Hachim Bachar"]
[Result "1-0"]
[WhiteTitle "IM"]
[WhiteElo "2554"]
[BlackElo "1872"]
[WhiteTeam "Finland"]
[BlackTeam "Chad"]
[WhiteFideId "509825"]
[BlackFideId "42800030"]
[EventDate "2024.09.11"]

1. Nf3 e6 2. g3 d5 3. Bg2 Nf6 4. O-O Bc5 5. c4 c6 6. d4 Be7 7. Qc2 O-O 8. Nbd2
Re8 9. e4 dxe4 10. Nxe4 Nbd7 11. Rd1 Nxe4 12. Qxe4 Nf6 13. Qe2 h6 14. Bf4 Bd6
15. Ne5 Rb8 16. Rac1 Bc7 17. Rc2 g5 18. Be3 Nd7 19. f4 f6 20. Qh5 fxe5 21. Qg6+
Kh8 22. Qxh6+ Kg8 23. fxe5 Re7 24. Bxg5 Qf8 25. Qxf8+ Kxf8 26. Bxe7+ Kxe7 27. c5
b6 28. b4 Ba6 29. Bxc6 bxc5 30. bxc5 Bb5 31. Bxb5 Rxb5 32. h4 Rb8 33. Kg2 Rg8
34. Rb2 Nf8 35. Rb7 Kd8 36. Rxa7 Kc8 37. Ra8+ Bb8 38. Rb1 Nd7 39. c6 Nb6 40.
Rxb6 Kc7 41. Rb3 Rg4 42. Raxb8 Rxd4 43. R8b4 Rd2+ 44. Kh3 Rxa2 45. Rc4 Re2 46.
Rb7+ Kc8 47. Rg7 Ra2 48. h5 1-0

[Event "45th Olympiad 2024"]
[Site "Budapest HUN"]
[Date "2024.09.11"]
[Round "1.56"]
[Board "2"]
[White "Abdelaziz Bokhit, Badjoiri"]
[Black "Sipila, Vilka"]
[Result "0-1"]
[BlackTitle "IM"]
[WhiteElo "1778"]
[BlackElo "2462"]
[WhiteTeam "Chad"]
[BlackTeam "Finland"]
[WhiteFideId "42800099"]
[BlackFideId "505455"]
[EventDate "2024.09.11"]

1. d4 Nf6 2. Nc3 d5 3. f3 c5 4. e4 dxe4 5. fxe4 cxd4 6. e5 dxc3 7. Qxd8+ Kxd8 8.
exf6 exf6 9. bxc3 Bd6 10. Bb5 Bd7 11. Bc4 Re8+ 12. Kf1 Be6 13. Bb3 Nd7 14. Nf3
Rc8 15. Bb2 Nb6 16. Rd1 Ke7 17. Nd4 Nc4 18. Bc1 Red8 19. Kf2 Ne5 20. Bb2 a6 21.
Rhe1 g6 22. h3 h5 23. Re4 Bc4 24. Bxc4 Rxc4 25. Rde1 Kd7 26. Kf1 Ra4 27. Ra1 Ba3
28. Rb1 Nc4 29. Bc1 Bxc1 30. Rxb7+ Kd6 31. Nb3 Ne3+ 32. Rxe3 Bxe3 33. Rxf7 Rxa2
34. Rxf6+ Ke5 35. Rf3 Bb6 0-1

[Event "45th Olympiad 2024"]
[Site "Budapest HUN"]
[Date "2024.09.11"]
[Round "1.56"]
[Board "3"]
[White "Lahdelma, Henri"]
[Black "Adam, Jamal"]
[Result "1-0"]
[WhiteTitle "FM"]
[BlackTitle "CM"]
[WhiteElo "2331"]
[BlackElo "2013"]
[WhiteTeam "Finland"]
[BlackTeam "Chad"]
[WhiteFideId "510394"]
[BlackFideId "12200620"]
[EventDate "2024.09.11"]

1. d4 Nf6 2. c4 e6 3. Nc3 d5 4. cxd5 exd5 5. Bg5 Nbd7 6. e3 c6 7. Bd3 Be7 8.
Nge2 h6 9. Bh4 O-O 10. O-O Ne4 11. Bxe7 Qxe7 12. Qc2 Ndf6 13. Rae1 Bd7 14. f3
Nxc3 15. Nxc3 Rad8 16. Na4 b6 17. Re2 c5 18. dxc5 Bxa4 19. Qxa4 Qxc5 20. Qb5 Rc8
21. Qxc5 Rxc5 22. Rd2 Re8 23. Kf2 Kf8 24. Rfd1 Rec8 25. Ke2 Rc1 26. h4 Rxd1 27.
Rxd1 h5 28. Kd2 Ke7 29. Bc2 Rc5 30. Bb3 Kd6 31. Kd3 Ke5 32. Rf1 Rc7 33. Rg1 Nd7
34. Kd2 Nf6 35. Rh1 a5 36. Rh3 Rc5 37. Rg3 g6 38. Rg5+ Kd6 39. e4 a4 40. Bxa4
dxe4 41. Rxc5 Kxc5 42. Ke3 exf3 43. gxf3 Nd5+ 44. Ke4 f6 45. f4 Ne7 46. Bd7 Kd6
47. Be8 Ke6 48. a4 Kd6 49. b4 Kc7 50. Bf7 Kd6 51. Kd3 Nf5 52. Bxg6 Nxh4 53. Bxh5
Nf5 54. Bf7 Ne7 55. Kc4 Nc6 56. Be8 Ne7 57. a5 bxa5 58. bxa5 Nd5 59. a6 Nxf4 60.
a7 Nd5 61. Kb5 f5 62. Bh5 Kd7 63. Ka6 Nc7+ 64. Kb7 Kd6 65. Bf3 Kd7 66. Bg2 Kd6
67. Bc6 f4 68. Bg2 Kd7 69. Bf3 1-0

[Event "45th Olympiad 2024"]
[Site "Budapest HUN"]
[Date "2024.09.11"]
[Round "1.56"]
[Board "4"]
[White "Hassaballa Ahmed Hassaballa"]
[Black "Wartiovaara, Oliver"]
[Result "0-1"]
[BlackTitle "FM"]
[WhiteElo "1902"]
[BlackElo "2300"]
[WhiteTeam "Chad"]
[BlackTeam "Finland"]
[WhiteFideId "12204293"]
[BlackFideId "513024"]
[EventDate "2024.09.11"]

1. d4 d5 2. Bf4 c5 3. e3 Nc6 4. c3 Nf6 5. Nf3 Qb6 6. Qb3 c4 7. Qxb6 axb6 8. Nbd2
b5 9. a3 b4 10. Ne5 bxc3 11. bxc3 Nxe5 12. Bxe5 e6 13. a4 b5 14. Bxf6 gxf6 15.
Be2 b4 16. Nb1 f5 17. Kd2 b3 18. g3 Bd6 19. Kc1 Ke7 20. Nd2 Bd7 21. a5 Rhb8 22.
Kb2 Rb5 23. Nxc4 dxc4 24. Bxc4 Rbxa5 25. Rxa5 Rxa5 26. Bxb3 Ba3+ 27. Kc2 Bc6 28.
Ra1 Be4+ 29. Kd2 Bb4 30. Rf1 Ra3 31. cxb4 Rxb3 32. f3 Bd5 33. Rf2 Rb2+ 34. Ke1
Rxb4 35. h3 Rb3 36. Kd2 Bc4 37. g4 Rd3+ 38. Kc2 fxg4 39. hxg4 Rxe3 40. g5 Re2+ 0-1

[Event "45th Olympiad 2024"]
[Site "Budapest HUN"]
[Date "2024.09.11"]
[Round "1.57"]
[Board "1"]
[White "Stratonowitsch, Andre"]
[Black "Maksimovic, Bojan"]
[Result "1/2-1/2"]
[WhiteTitle "FM"]
[BlackTitle "IM"]
[WhiteElo "2154"]
[BlackElo "2503"]
[WhiteTeam "Seychelles"]
[BlackTeam "Bosnia & Herzegovina"]
[WhiteFideId "24613959"]
[BlackFideId "14408120"]
[EventDate "2024.09.11"]

1. e4 c5 2. Nf3 e6 3. d4 cxd4 4. Nxd4 a6 5. c4 Nf6 6. Nc3 Qc7 7. Qd3 Nc6 8. Nxc6
dxc6 9. Be2 e5 10. O-O Be6 11. Be3 Rd8 12. Qc2 Be7 13. Na4 Nd7 14. c5 O-O 15.
Rad1 Rfe8 16. Rd2 Nf8 17. Rfd1 Rxd2 18. Rxd2 Rd8 19. Nb6 Rxd2 20. Bxd2 Qd8 21.
b4 a5 22. a3 axb4 23. axb4 Nd7 24. Nc4 Qa8 25. Na5 Bd8 26. Nc4 Qa1+ 27. Qc1 Qa2
28. h3 Bc7 29. Ne3 b6 30. cxb6 Bxb6 31. Bc4 Bxc4 32. Nxc4 Bd4 33. Be3 h6 34. Nd6
Bxe3 35. fxe3 Qb3 36. Qxc6 Qxe3+ 37. Kh2 Qf4+ 38. Kg1 Qe3+ 39. Kh2 Qf4+ 40. Kg1
Qe3+ 1/2-1/2

[Event "45th Olympiad 2024"]
[Site "Budapest HUN"]
[Date "2024.09.11"]
[Round "1.57"]
[Board "2"]
[White "Stojanovic, Dalibor"]
[Black "Bonne, Robin"]
[Result "1-0"]
[WhiteTitle "GM"]
[WhiteElo "2448"]
[BlackElo "1707"]
[WhiteTeam "Bosnia & Herzegovina"]
[BlackTeam "Seychelles"]
[WhiteFideId "922692"]
[BlackFideId "9800700"]
[EventDate "2024.09.11"]

1. e4 e5 2. Bc4 Nf6 3. d3 g6 4. Nf3 d5 5. exd5 Nxd5 6. Nxe5 Be6 7. O-O Bg7 8.
Re1 O-O 9. Nd2 Nc6 10. Nxc6 bxc6 11. Ne4 Rb8 12. Bb3 Re8 13. Bg5 f6 14. Bd2 Qc8
15. Qf3 f5 16. Ng5 Qd7 17. Rxe6 Rxe6 18. Nxe6 Qxe6 19. Re1 Qd7 20. c3 h6 21. Qe2
Kh7 22. Qe6 Qxe6 23. Rxe6 Rb6 24. d4 Nf6 25. Bf4 Nd5 26. Bc1 g5 27. Bc2 Nf6 28.
Bxf5+ Kh8 29. Re7 Rb5 30. Bd3 Rb7 31. b4 Bf8 32. Rf7 Bg7 33. Ba6 Rb6 34. Bc4 Rb7
35. Bb3 Nd5 36. Rd7 Nf6 37. Rd8+ Ng8 38. Rxg8+ Kh7 39. Re8 Kg6 40. Re6+ Kh5 41.
Bd1+ 1-0

[Event "45th Olympiad 2024"]
[Site "Budapest HUN"]
[Date "2024.09.11"]
[Round "1.57"]
[Board "3"]
[White "Pillay, Ragul"]
[Black "Burovic, Rijad"]
[Result "0-1"]
[BlackTitle "IM"]
[WhiteElo "1633"]
[BlackElo "2426"]
[WhiteTeam "Seychelles"]
[BlackTeam "Bosnia & Herzegovina"]
[WhiteFideId "9800174"]
[BlackFideId "14407701"]
[EventDate "2024.09.11"]

1. d4 Nf6 2. c4 g6 3. Nc3 Bg7 4. Nf3 O-O 5. e3 d6 6. Be2 Nbd7 7. O-O e5 8. dxe5
dxe5 9. Qc2 c6 10. Ne4 Nxe4 11. Qxe4 Nc5 12. Qc2 Bf5 13. Qd1 Qb6 14. Nd2 Rfd8
15. a3 a5 16. b3 Rd7 17. Bg4 Bxg4 18. Qxg4 Rad8 19. Ra2 e4 20. Nxe4 f5 21. Qg5
Nxe4 22. Qf4 Qxb3 23. Re2 Rd1 0-1

[Event "45th Olympiad 2024"]
[Site "Budapest HUN"]
[Date "2024.09.11"]
[Round "1.57"]
[Board "4"]
[White "Culum, Sanjin"]
[Black "Pillay, Harish"]
[Result "1-0"]
[WhiteTitle "FM"]
[WhiteElo "2409"]
[BlackElo "1561"]
[WhiteTeam "Bosnia & Herzegovina"]
[BlackTeam "Seychelles"]
[WhiteFideId "14420937"]
[BlackFideId "9800336"]
[EventDate "2024.09.11"]

1. e4 e5 2. Nf3 Nc6 3. Bc4 Bc5 4. c3 Nf6 5. d3 d6 6. O-O Bg4 7. h3 Bh5 8. Nbd2
O-O 9. Re1 Na5 10. Bb5 a6 11. Ba4 Ba7 12. Nf1 b5 13. Bc2 d5 14. Ng3 dxe4 15.
Nxh5 exf3 16. Bg5 Qc8 17. Bxf6 gxf6 18. Qxf3 Qe6 19. Qg3+ 1-0

[Event "45th Olympiad 2024"]
[Site "Budapest HUN"]
[Date "2024.09.11"]
[Round "1.58"]
[Board "1"]
[White "Delgado Ramirez, Neuris"]
[Black "Gontcharov, Serguei"]
[Result "1-0"]
[WhiteTitle "GM"]
[BlackTitle "CM"]
[WhiteElo "2484"]
[BlackElo "1927"]
[WhiteTeam "Paraguay"]
[BlackTeam "Bermuda"]
[WhiteFideId "3503631"]
[BlackFideId "8800871"]
[EventDate "2024.09.11"]

1. e4 c5 2. Nc3 Nc6 3. Bb5 d6 4. Bxc6+ bxc6 5. f4 g6 6. Nf3 Bg7 7. O-O e6 8. e5
d5 9. b3 Ba6 10. d3 Qa5 11. Na4 Bf8 12. c4 Nh6 13. Bd2 Qc7 14. Be3 Qa5 15. Qe1
Qxe1 16. Raxe1 d4 17. Bc1 O-O-O 18. Ba3 Nf5 19. Ng5 Rd7 20. Bxc5 Bh6 21. Ne4 Bg7
22. Nd6+ Nxd6 23. Bxd6 Bb7 24. Nc5 Rdd8 25. b4 Bf8 26. Ne4 h5 27. Rb1 Ba8 28.
Rb3 Rd7 29. Ra3 Bxd6 30. exd6 f5 31. Nc5 Rxd6 32. Rxa7 Rg8 33. Rxa8+ 1-0

[Event "45th Olympiad 2024"]
[Site "Budapest HUN"]
[Date "2024.09.11"]
[Round "1.58"]
[Board "2"]
[White "Dacres, Don"]
[Black "Cubas, Jose Fernando"]
[Result "0-1"]
[WhiteTitle "CM"]
[BlackTitle "GM"]
[WhiteElo "1863"]
[BlackElo "2417"]
[WhiteTeam "Bermuda"]
[BlackTeam "Paraguay"]
[WhiteFideId "8800820"]
[BlackFideId "3700267"]
[EventDate "2024.09.11"]

1. e4 c5 2. Nf3 Nc6 3. Bb5 g6 4. c3 Nf6 5. e5 Nd5 6. Bxc6 dxc6 7. O-O Bg7 8. d4
cxd4 9. cxd4 O-O 10. Nc3 Bf5 11. Nh4 Be6 12. Re1 c5 13. Nf3 Nxc3 14. bxc3 cxd4
15. cxd4 Bd5 16. a4 Qd7 17. Be3 Rfc8 18. Nd2 Rc3 19. Nb1 Rc6 20. Nd2 Rac8 21.
Nb3 b6 22. a5 Rc3 23. Nd2 f6 24. exf6 Bxf6 25. axb6 axb6 26. Nb1 Rc2 27. h3 b5
28. Re2 Rxe2 29. Qxe2 b4 30. Qd1 b3 31. Nd2 Qb7 32. f3 Rc3 33. Bf2 b2 34. Rb1
Qc7 35. Nf1 Rc1 36. Qd3 Rxb1 37. Qxb1 Qc1 38. Qd3 b1=Q 0-1